| Поле | Инд. | ПП | Название | Значение |
|---|---|---|---|---|
| Тип записи | a | |||
| Библиографический уровень | m | |||
| 001 | Контрольный номер | 1c5772eb-d956-4c4f-8392-314260113c9f | ||
| 005 | Дата корректировки | 20210301120906.7 | ||
| 008 | Кодируемые данные | 041201 | ||
| 020 | a | ISBN | 5-09-011193-6 | |
| c | Цена, тираж | 62.00 | ||
| 040 | a | Служба первич. каталог. | НБ ТвГУ | |
| 041 | 0_ | a | Код языка текста | rus |
| 080 | a | Индекс УДК | 82.09(072.3) | |
| a | Индекс УДК | 373.5.016:82.09 | ||
| a | Индекс УДК | 882.09(075.3) | ||
| 084 | a | Индекс другой классификации/Индекс ББК | Ч426.83 | |
| a | Индекс другой классификации/Индекс ББК | Ш5(2=411.2)я721-1 | ||
| 090 | x | Авторский знак | Ч-69 | |
| a | Полочн. индекс | Ч426.83 | ||
| 245 | 10 | a | Заглавие | Читаем, думаем, спорим... |
| b | Продолж. заглавия | дидакт. материалы по литературе : 9 кл. | ||
| c | Ответственность | авт.-сост. В. Я. Коровина, И. С. Збарский, В. И. Коровин | ||
| 260 | 0_ | a | Место издания | Москва |
| b | Издательство | Просвещение | ||
| c | Дата издания | 2004 | ||
| 300 | a | Объем | 236,[2] с. | |
| b | Иллюстрации/ тип воспроизводства | ил., портр. | ||
| 583 | a | Действие | Получение впервые 425 30.11.2004 | |
| k | Исполнитель действия | ООО "Кроун" | ||
| 650 | 04 | a | Основная рубрика | Литература |
| x | Основная подрубрика | Методика преподавания в средней школе | ||
| x | Основная подрубрика | Дидактические материалы | ||
| 650 | 04 | a | Основная рубрика | Русская литература |
| x | Основная подрубрика | Учебники для средней школы | ||
| 653 | 0_ | a | Ключевые слова | Литература |
| a | Ключевые слова | Русская литература | ||
| a | Ключевые слова | Литература в школе | ||
| a | Ключевые слова | Преподавание литературы | ||
| a | Ключевые слова | Дидактические материалы | ||
| a | Ключевые слова | Методика | ||
| 700 | 1_ | a | Другие авторы | Коровина Вера Яновна |
| e | Роль лиц | авт.-сост. | ||
| 700 | 1_ | a | Другие авторы | Збарский Исак Семенович |
| e | Роль лиц | авт.-сост. | ||
| 700 | 1_ | a | Другие авторы | Коровин Валентин Иванович |
| e | Роль лиц | авт.-сост. | ||
| 852 | 41 | t | Порядковый номер экземпляра | 2 |
| p | Инвентарный номер | 792601 | ||
| p | Инвентарный номер | 792602 | ||
| 888 | a | За счет средств "Лицея" | ||
| 901 | t | Тип документа | m | |
| 930 | a | Новая/Ретро | методика | |
| a | Новая/Ретро | учебники | ||
| 952 | p | 425.2004 62.00 1 792601 | ||
| p | 425.2004 62.00 1 792602 | |||
| c | Вид литературы | К ру | ||
| 954 | a | Дата поступления на обработку | 20041210 | |
| 999 | a | Подразделение 2 | ч.з. |